000
00304pab a2200133 454500
008
180718b1987 xxu||||| |||| 00| 0 eng d
245
_a
Recycling from minicipal work
260
_c
1987
300
_a
1-4,6
362
_a
June
650
_a
Waste, Utilization of
773
_a
Urban Edge
909
_a
20559
999
_c
20559
_d
20559